HEAT CONDUCTION (Record no. 23226)
[ view plain ]
| 000 -LEADER | |
|---|---|
| fixed length control field | 01590nam a22002417a 4500 |
| 003 - CONTROL NUMBER IDENTIFIER | |
| control field | NUST |
| 005 - DATE AND TIME OF LATEST TRANSACTION | |
| control field | 20170606110344.0 |
| 008 - FIXED-LENGTH DATA ELEMENTS--GENERAL INFORMATION | |
| fixed length control field | 170531b xxu||||| |||| 00| 0 eng d |
| 020 ## - INTERNATIONAL STANDARD BOOK NUMBER | |
| International Standard Book Number | 047105481X |
| 040 ## - CATALOGING SOURCE | |
| Original cataloging agency | DLC |
| Language of cataloging | DLC |
| Transcribing agency | RCMS |
| 082 ## - DEWEY DECIMAL CLASSIFICATION NUMBER | |
| Classification number | 536.23 OZI |
| 100 ## - MAIN ENTRY--PERSONAL NAME | |
| Personal name | M. NECATI OZISIK |
| 9 (RLIN) | 1690 |
| 245 ## - TITLE STATEMENT | |
| Title | HEAT CONDUCTION |
| 260 ## - PUBLICATION, DISTRIBUTION, ETC. | |
| Place of publication, distribution, etc. | USA |
| Name of publisher, distributor, etc. | JOHN WILEY & SONS |
| Date of publication, distribution, etc. | 1c980 |
| 300 ## - PHYSICAL DESCRIPTION | |
| Extent | xv,687,p: |
| Other physical details | ill: |
| Dimensions | 22,cm. |
| 538 ## - SYSTEM DETAILS NOTE | |
| Display text | Shelf # 10, Row # 3, Mechanical & Aerospace. |
| 650 ## - SUBJECT ADDED ENTRY--TOPICAL TERM | |
| Topical term or geographic name entry element | Heat ---- Conduction |
| 9 (RLIN) | 1691 |
| 856 ## - ELECTRONIC LOCATION AND ACCESS | |
| Materials specified | Table of Content Only |
| 942 ## - ADDED ENTRY ELEMENTS (KOHA) | |
| Koha item type | Book |
| Source of classification or shelving scheme | |
| Withdrawn status | Lost status | Source of classification or shelving scheme | Damaged status | Not for loan | Permanent Location | Current Location | Shelving location | Date acquired | Total Checkouts | Full call number | Barcode | Date last seen | Price effective from | Koha item type | Date last checked out |
|---|---|---|---|---|---|---|---|---|---|---|---|---|---|---|---|
| School of Interdisciplinary Engineering and Sciences (SINES) | School of Interdisciplinary Engineering and Sciences (SINES) | General Stacks | 03/06/2013 | 536.23 OZI | RCMS001353 | 03/06/2013 | 03/06/2013 | Book | |||||||
| School of Interdisciplinary Engineering and Sciences (SINES) | School of Interdisciplinary Engineering and Sciences (SINES) | General Stacks | 03/06/2013 | 1 | 536.23 OZI | RCMS001354 | 01/04/2023 | 03/06/2013 | Book | 12/29/2022 | |||||
| School of Interdisciplinary Engineering and Sciences (SINES) | School of Interdisciplinary Engineering and Sciences (SINES) | General Stacks | 03/06/2013 | 536.23 OZI | RCMS001355 | 03/06/2013 | 03/06/2013 | Book | |||||||
| School of Interdisciplinary Engineering and Sciences (SINES) | School of Interdisciplinary Engineering and Sciences (SINES) | General Stacks | 03/06/2013 | 536.23 OZI | RCMS001356 | 03/06/2013 | 03/06/2013 | Book | |||||||
| School of Interdisciplinary Engineering and Sciences (SINES) | School of Interdisciplinary Engineering and Sciences (SINES) | General Stacks | 03/06/2013 | 1 | 536.23 OZI | RCMS001357 | 02/15/2016 | 03/06/2013 | Book | 02/15/2016 | |||||
| School of Interdisciplinary Engineering and Sciences (SINES) | School of Interdisciplinary Engineering and Sciences (SINES) | General Stacks | 03/06/2013 | 536.23 OZI | RCMS001358 | 03/06/2013 | 03/06/2013 | Book | |||||||
| School of Interdisciplinary Engineering and Sciences (SINES) | School of Interdisciplinary Engineering and Sciences (SINES) | General Stacks | 03/06/2013 | 536.23 OZI | RCMS001359 | 03/06/2013 | 03/06/2013 | Book | |||||||
| School of Interdisciplinary Engineering and Sciences (SINES) | School of Interdisciplinary Engineering and Sciences (SINES) | General Stacks | 03/06/2013 | 536.23 OZI | RCMS001360 | 03/06/2013 | 01/05/2017 | Book | |||||||
| School of Interdisciplinary Engineering and Sciences (SINES) | School of Interdisciplinary Engineering and Sciences (SINES) | General Stacks | 03/06/2013 | 536.23 OZI | RCMS001361 | 03/06/2013 | 01/05/2017 | Book | |||||||
| School of Interdisciplinary Engineering and Sciences (SINES) | School of Interdisciplinary Engineering and Sciences (SINES) | General Stacks | 03/06/2013 | 536.23 OZI | RCMS001362 | 03/06/2013 | 01/05/2017 | Book |
